000 00585cam a22001934a 4500
005 20250605164345.0
008 250528s ||||||||||||||||||||||||d
035 _a23864
040 _aGR-AtMCL
_bgre
_dGR-AtMCL
_eAACR2
245 1 _aStarring at the Sun
260 _c2008
300 _a85
520 _aTime to Rewrite Your Autobiography?, Personality and Health, Consiousness and the Curriculum, Prevention - A Forgotten Mission?
700 1 _aSutton Jon
_99351
942 _cCR
710 2 _aThe British Psychological Society
_99823
999 _c8783
_d8783